000
00295nam a2200097Ia 4500
001
645019
005
20250826153615.0
008
250824s9999 xx 000 0 und d
245
0
_a
BABALAR VE OĞULLAR ANTİK OKUL KLASİKLERİ
_c
İVAN SERGEYEVİÇ TURGENYEV
260
_b
ANTİK DÜNYA KLASİKLERİ
999
_c
645019
_d
645019